Figure Out the Lyrics: TV Theme IX Quiz Stats

 Plays Quiz Updated Jan 13, 2016

Challenge
Share
Tweet
Embed
Score 0/100 Timer 07:00
2 Plays Today
% Correct
I
96.9%
I
96.9%
I
96.9%
a
96.6%
A
96.6%
the
94.8%
the
94.8%
the
94.8%
you
84.7%
You
84.7%
you
84.7%
be
82.8%
and
80.3%
and
80.3%
and
80.3%
To
77%
to
77%
to
77%
me
72.7%
me
72.7%
we
71.5%
is
69%
is
69%
one
69%
in
68%
will
64.8%
will
64.8%
like
64.2%
no
63.8%
wanna
56%
was
52.2%
my
50%
my
50%
my
50%
% Correct
my
50%
best,
48.6%
best
48.6%
ever
48.5%
so
47.3%
know
46.1%
all
44.6%
all
44.6%
all
44.6%
all
44.6%
very
44.1%
them
42.8%
them
42.8%
them
42.8%
them
42.8%
them
42.8%
them
42.8%
us
41%
you're
35.6%
friend,
35.2%
It's
33.8%
it's
33.8%
Gotta
33.7%
Gotta
33.7%
Gotta
33.7%
Gotta
33.7%
world
32.6%
Our
30.1%
I'll
27.1%
catch
25.8%
catch
25.8%
catch
25.8%
catch
25.8%
catch
25.8%
% Correct
Pokémon
25.2%
Pokémon!
25.2%
Pokémon!
25.2%
Pokémon!
25.2%
Pokémon!
25.2%
Pokémon!
25.2%
must
22%
cause
21.1%
train
20.5%
test,
20%
real
19.5%
destiny
18.9%
Teach
18.8%
far
18.5%
Oh,
17.8%
wide
17%
that's
16.8%
travel
16.7%
land,
16.7%
heart
16.5%
true
16.4%
across
16.3%
teach
15.8%
teach
15.8%
searching
15.4%
through
15.4%
inside
14.6%
power
14.5%
defend
14.1%
understand
13.8%
pull
11.9%
courage
11.2%

You're not logged in!

Compare scores with friends on all Sporcle quizzes.
Join for Free
OR
Log In

You Might Also Like...

Show Comments

Extras

Top Quizzes Today


Score Distribution

Your Account Isn't Verified!

In order to create a playlist on Sporcle, you need to verify the email address you used during registration. Go to your Sporcle Settings to finish the process.

Report this User

Report this user for behavior that violates our Community Guidelines.

Details: